Guess the Flag- Asia Edition - Statistics

General Stats
  • This quiz has been taken 19 times
  • The average score is 11 of 12
Answer Stats
Picture Answer % Correct
China
100%
Bhutan
94%
Indonesia
94%
Iraq
88%
Pakistan
88%
Philippines
88%
Saudi Arabia
88%
South Korea
88%
Syria
88%
Thailand
82%
Armenia
76%
Taiwan
76%
No matching quizzes found
Score Distribution
Percent of People with Each Score
Percentile by Number Answered
Your Score History
You have not taken this quiz